00891nam a22001337a 4500008004100000020001500041050001400056100002800070245006400098260006400162300002900226505048600255650001600741120924t xxu||||| |||| 00| 0 eng d a9781755296 aHD31.N971 aNwachukwu, Celestine C. aManagement: theory and practice. /cCelestine C. Nwachukwu. aOnitsha, Nigeria:bAfrican First Publishers Limited,c2006. a292 p. :bill. ;c24 cm. aContents: Management: function and behaviour -- Evolution of management theory -- Planning -- Decision making -- Organising -- Organisation process -- Manpower in Organisations: Manpower situation in developing countries -- Selection process -- Employee training and development -- Directing Function: Directing -- Communication -- Motivation -- Employee productivity -- Organizational change -- The Control Function:Controlling -- Social responsibility -- Comparative management. aManagement.